Costos predeterminados (Registro nro. 2035)
[ vista simple ]
| 000 -LEADER | |
|---|---|
| fixed length control field | 01183 a2200193 4500 |
| 001 - CONTROL NUMBER | |
| control field | 30139 |
| 005 - DATE AND TIME OF LATEST TRANSACTION | |
| control field | 20260407155612.0 |
| 008 - FIXED-LENGTH DATA ELEMENTS--GENERAL INFORMATION | |
| fixed length control field | 260407a1976 arg spa d |
| 003 - CONTROL NUMBER IDENTIFIER | |
| control field | AR-UNSa-BCEJYS |
| 040 ## - CATALOGING SOURCE | |
| Original cataloging agency | AR-UNSa-BCEJYS |
| Language of cataloging | spa |
| Transcribing agency | AR-UNSa-BCEJYS |
| 080 ## - UNIVERSAL DECIMAL CLASSIFICATION NUMBER | |
| Universal Decimal Classification number | 657.474 |
| Common auxiliary subdivision | Tratamiento de los costos<br/> |
| 100 1# - MAIN ENTRY--PERSONAL NAME | |
| Personal name | Giménez, Carlos Manuel |
| 245 10 - TITLE STATEMENT | |
| Title | Costos predeterminados |
| Name of part/section of a work | estimados y standard |
| 264 #1 - PRODUCTION, PUBLICATION, DISTRIBUTION, MANUFACTURE, AND COPYRIGHT NOTICE | |
| Place of production, publication, distribution, manufacture | Buenos Aires : |
| Name of producer, publisher, distributor, manufacturer | El Coloquio |
| Date of production, publication, distribution, manufacture, or copyright notice | 1976 |
| 300 ## - PHYSICAL DESCRIPTION | |
| Extent | 142 p. |
| Dimensions | 22 cm. |
| 505 ## - FORMATTED CONTENTS NOTE | |
| Formatted contents note | 1. Características básicas: Estimadas y standard, comparación con los costos históricos - 2. Ámbito de aplicación - 3. Bases que conforman el método - 4. Registración contable - 3. Costos estimados standards - 4. Características básicas - 5. Ámbito de aplicación del standard - 6. Pasos a considerar en la determinación de los standares físicos del informe u hoja de costos - 7. Forma de calcular los standares monetarios del informe u hoja de costos - 8. Tipos de costos standard según el periodo de su vigencia: Corrientes y básicos - 10. Variaciones o desvíos. Generalidades - 11. Mecánica del registro contable |
| 590 ## - LOCAL NOTE (RLIN) | |
| Local note | niveau_biblio:m niveau_hierar:0 |
| 942 ## - ADDED ENTRY ELEMENTS (KOHA) | |
| Koha item type | |
| Withdrawn status | Lost status | Damaged status | Not for loan | Home library | Current library | Shelving location | Date acquired | Total checkouts | Full call number | Barcode | Date last seen | Price effective from | Koha item type |
|---|---|---|---|---|---|---|---|---|---|---|---|---|---|
| Biblioteca Prof. Eusebio Cleto del Rey | Biblioteca Prof. Eusebio Cleto del Rey | 07/04/2026 | 657.474 G491 | L12297 | 07/04/2026 | 07/04/2026 | Libro |